| 000 | 00799nam a22002774 4500 | ||
|---|---|---|---|
| 001 | FLCmde02001842 | ||
| 003 | CoBoFLC | ||
| 005 | 20170613145935.0 | ||
| 008 | 021124s1996 sp d 000 1 spa d | ||
| 020 | _a842398852X | ||
| 020 | _a0833572393 | ||
| 040 |
_aCoBoFLC _cCoBoFLC |
||
| 041 |
_aspa _heng |
||
| 100 | 1 | _aReiss, Johanna. | |
| 245 | 1 | 3 |
_aLa habitación de arriba / _cJohanna Reiss ; traducción de Flora Casas. |
| 246 | 3 | 3 | _aUpstairs room. |
| 260 |
_aMadrid : _bEspasa Calpe, _c1996. |
||
| 300 |
_a213 p. ; _c19 cm. |
||
| 490 | 1 |
_aEspasa juvenil ; _v3. |
|
| 500 | _aTranslation of: Upstairs room. | ||
| 655 | 7 |
_aSpanish language materials. _2local. |
|
| 655 | 7 |
_aMateriales en espa©łol. _2local. |
|
| 700 | 1 | _aCasas, Flora. | |
| 830 | 0 |
_aEspasa juvenil ; _v3. |
|
| 942 | _cBK | ||
| 999 |
_c17552 _d17552 |
||